Central Library OPAC University of Rajshahi

The adventures of Peregrine Pickle : (Record no. 19614)

MARC details
000 -LEADER
fixed length control field 00836cam a2200241u 4500
001 - CONTROL NUMBER
control field 19614
003 - CONTROL NUMBER IDENTIFIER
rucl marc code BD-RjUL
005 - DATE AND TIME OF LATEST TRANSACTION
control field 20211209000444.0
008 - FIXED-LENGTH DATA ELEMENTS--GENERAL INFORMATION
fixed length control field 140225s1964 enk 000 0 eng
035 ## - SYSTEM CONTROL NUMBER
System control number (BD-RjUL)19674
040 ## - CATALOGING SOURCE
Original cataloging agency DLC
Transcribing agency CarP
Modifying agency DLC
-- BD-RjUL
Language of cataloging eng
041 ## - LANGUAGE CODE
Language code of text/sound track or separate title eng
082 04 - DEWEY DECIMAL CLASSIFICATION NUMBER
Classification number 823.9
Author mark and year SMA 1964
100 1# - MAIN ENTRY--PERSONAL NAME
Personal name Smollett, T.
Fuller form of name (Tobias),
Dates associated with a name 1721-1771.
9 (RLIN) 58105
245 14 - TITLE STATEMENT
Title The adventures of Peregrine Pickle :
Remainder of title In which are included memoirs of a lady quality /
Statement of responsibility, etc. Tobias Smollett ; edited by James L. Clifford.
260 ## - PUBLICATION, DISTRIBUTION, ETC. (IMPRINT)
Place of publication, distribution, etc. London ;
-- New York :
Name of publisher, distributor, etc. Oxford University Press,
Date of publication, distribution, etc. 1964.
300 ## - PHYSICAL DESCRIPTION
Pagination xxxiii, 805 p. ;
Size 21 cm.
650 #0 - SUBJECT ADDED ENTRY--TOPICAL TERM
Topical term or geographic name as entry element Adventure stories.
9 (RLIN) 60259
700 1# - ADDED ENTRY--PERSONAL NAME
Personal name Clifford, James L.
Fuller form of name (James Lowry),
Dates associated with a name 1901-1978,
Relator term ed.
942 ## - ADDED ENTRY ELEMENTS (KOHA)
Source of classification or shelving scheme Dewey Decimal Classification
Koha item type Books
Holdings
Lost status Source of classification or shelving scheme Damaged status Not for loan Collection code Permanent Location Current Location Shelving location Date acquired Source of acquisition Cost, normal purchase price Total Checkouts Full call number Date last seen Copy number Koha item type
  Dewey Decimal Classification   Not For Loan Fiction Central Library, University of Rajshahi Central Library, University of Rajshahi Reading Room 02/11/1968 Zeitlinger 35.00   823.9 SMA 1964 25/02/2014 C-1 Books